00738nam a22002057a 450000500170000001000150001702000260003203500140005803700090007208200080008110000310008924500490012026000350016927000500020430000200025450000650027494200220033999900190036195201520038020241001142358.0 aENG-141719 a9789351342977c800.00 aEN-125251 bDBAD a658 aChoudhury, Arup Roy972264 aManagement By Idiots/cBy Arup Roy Choudhury aNew DelhibMc Graw Hill,c2013 aP-24, Green Park ExtensionbNew Delhie110016 a116p.b22cm(pb) aDon't Let Schooling Interfere with Your Education-Mark Twain 2ddccENh658mCHO c206051d206051 001040708NFICaBNbBNd2024-10-01eDelivery of Books Act Divisiong800.00l0o658 CHOpEN-125251r2024-10-01 00:00:00t1v800.00w2024-10-01yEN